[Event "CCM5 - 12. ORDIX Open"]
[Site "Mainz"]
[Date "2005.??.??"]
[Round "6"]
[White "Krasenkow, Michal"]
[Black "Doettling, Fabian"]
[Result "1-0"]
[WhiteElo "2663"]
[BlackElo "2542"]
[PlyCount "115"]
[EventDate "2005.??.??"]
[EventType "rapid"]
[EventCountry "GER"]
[Source "Mike Rosa"]
[SourceDate "2009.01.01"]

1. d4 d5 2. Nf3 Nf6 3. c4 c6 4. Nc3 a6 5. e3 b5 6. c5 Nbd7 7. b4 a5 8. bxa5
Qxa5 9. Bd2 b4 10. Nb1 Ne4 11. Bd3 Nxd2 12. Nbxd2 e5 13. Nb3 Qc7 14. Nxe5 Nxe5
15. dxe5 Qxe5 16. O-O Be7 17. Qd2 Rb8 18. Nd4 Bd7 19. Rfc1 O-O 20. Rab1 Bd8 21.
Nf3 Qh5 22. a3 Bc7 23. axb4 Bg4 24. Be2 Bxh2+ 25. Nxh2 Bxe2 26. Ra1 Rfe8 27. f3
Bb5 28. Qd4 Qg5 29. Kf2 Bc4 30. Rcb1 Rb7 31. Nf1 Rbe7 32. Re1 Re6 33. Ng3 h5
34. Qf4 Qxf4 35. exf4 h4 36. Nf5 Re2+ 37. Rxe2 Rxe2+ 38. Kg1 Rb2 39. Ne7+ Kh7
40. Nxc6 Bb5 41. Nd4 Rxb4 42. Nxb5 Rxb5 43. Rc1 Kg6 44. c6 Rb8 45. c7 Rc8 46.
Kf2 Kf5 47. Ke3 Ke6 48. Kd4 Kd6 49. Rc5 Rxc7 50. Rxc7 Kxc7 51. Kxd5 Kd7 52. Ke5
Ke7 53. Kf5 h3 54. gxh3 Kd6 55. h4 Kd5 56. h5 Kd6 57. Kg5 Ke7 58. f5 1-0

[Event "CCM5 - 12. ORDIX Open"]
[Site "Mainz"]
[Date "2005.??.??"]
[Round "6"]
[White "Naiditsch, Arkadij"]
[Black "Bacrot, Etienne"]
[Result "1-0"]
[WhiteElo "2644"]
[BlackElo "2729"]
[PlyCount "129"]
[EventDate "2005.??.??"]
[EventType "rapid"]
[EventCountry "GER"]
[Source "Mike Rosa"]
[SourceDate "2009.01.01"]

1. e4 e5 2. Nf3 d6 3. d4 exd4 4. Nxd4 Nf6 5. Nc3 Be7 6. Nde2 c6 7. g3 b5 8. Bg2
Bb7 9. O-O b4 10. Na4 O-O 11. Re1 Re8 12. Nd4 Bf8 13. Nf5 c5 14. Bg5 Nc6 15. f4
Re6 16. e5 dxe5 17. fxe5 Qxd1 18. Raxd1 Rae8 19. Nxg7 Bxg7 20. Nxc5 Rxe5 21.
Rxe5 Rxe5 22. Nxb7 Rxg5 23. Bxc6 h5 24. Bf3 Bf8 25. Kg2 h4 26. Rd8 Kg7 27. Ra8
hxg3 28. h4 Rf5 29. Rxa7 Nd5 30. Ra5 Ne3+ 31. Kxg3 Bd6+ 32. Kf2 Rxa5 33. Nxa5
Nxc2 34. Be4 Nd4 35. Ke3 Ne6 36. Nc6 Bf8 37. Bd5 Nc7 38. Bc4 f5 39. Kd3 Kf6 40.
Kc2 f4 41. Kb3 f3 42. Nxb4 Ne6 43. Nd3 Nd4+ 44. Kc3 Nf5 45. h5 Ne3 46. Bb5 Kg5
47. Bc6 Bg7+ 48. Kb3 Kg4 49. h6 Bh8 50. h7 Nf5 51. Kc4 Kg3 52. a4 Ne3+ 53. Kc5
Nd1 54. Bxf3 Kxf3 55. a5 Ke4 56. a6 Kxd3 57. a7 Bd4+ 58. Kc6 Bxa7 59. h8=Q Bd4
60. Qh7+ Kd2 61. b4 Ne3 62. b5 Kc3 63. b6 Nc4 64. b7 Na5+ 65. Kb5 1-0

[Event "CCM5 - 12. ORDIX Open"]
[Site "Mainz"]
[Date "2005.??.??"]
[Round "7"]
[White "Aronian, Levon"]
[Black "Naiditsch, Arkadij"]
[Result "1-0"]
[WhiteElo "2724"]
[BlackElo "2644"]
[PlyCount "105"]
[EventDate "2005.??.??"]
[EventType "rapid"]
[EventCountry "GER"]
[Source "Mike Rosa"]
[SourceDate "2009.01.01"]

1. c4 e5 2. Nc3 Nf6 3. Nf3 Nc6 4. g3 d5 5. cxd5 Nxd5 6. Bg2 Nb6 7. O-O Be7 8.
Rb1 Be6 9. b4 e4 10. Nxe4 Bxa2 11. Ra1 Nxb4 12. Bb2 f5 13. Bxg7 fxe4 14. Bxh8
exf3 15. Bxf3 Bd5 16. e4 Bf7 17. d4 c6 18. Bh5 Qd6 19. Ra5 Bxh5 20. Qxh5+ Qg6
21. Qh3 Nc4 22. Rf5 a5 23. d5 a4 24. Bc3 a3 25. Rh5 a2 26. Rxh7 Nc2 27. Rg7 Qd6
28. dxc6 bxc6 29. Qh5+ Kd7 30. Qe2 Nd2 31. Qg4+ Kc7 32. Bxd2 Qxd2 33. Rxe7+ Kb6
34. Rd7 Qc3 35. Rdd1 a1=Q 36. Rb1+ Nb4 37. Rxa1 Rxa1 38. Rxa1 Qxa1+ 39. Kg2 Qd4
40. h4 c5 41. h5 c4 42. h6 Nd3 43. Qe6+ Kc5 44. Qf5+ Kb4 45. h7 Qh8 46. Qf7 c3
47. Qg8 Qf6 48. h8=Q Qxf2+ 49. Kh3 Qf1+ 50. Kh4 Qh1+ 51. Kg5 Qxh8 52. Qxh8 c2
53. Qd4+ 1-0

[Event "CCM5 - 12. ORDIX Open"]
[Site "Mainz"]
[Date "2005.??.??"]
[Round "7"]
[White "Buhmann, Rainer"]
[Black "Shirov, Alexei"]
[Result "0-1"]
[WhiteElo "2549"]
[BlackElo "2705"]
[PlyCount "54"]
[EventDate "2005.??.??"]
[EventType "rapid"]
[EventCountry "GER"]
[Source "Mike Rosa"]
[SourceDate "2009.01.01"]

1. Nf3 d5 2. d4 c6 3. c4 Nf6 4. Nc3 dxc4 5. a4 Bf5 6. Nh4 Bd7 7. e4 e6 8. Nf3
b5 9. Bg5 Be7 10. e5 Nd5 11. Bxe7 Qxe7 12. Be2 O-O 13. O-O a5 14. Ne4 Na6 15.
axb5 cxb5 16. Rxa5 Qb4 17. Ra2 Nac7 18. Rxa8 Rxa8 19. Qb1 Nf4 20. Re1 Nxe2+ 21.
Rxe2 Bc6 22. Neg5 h6 23. Qh7+ Kf8 24. h4 hxg5 25. Nxg5 Qb3 26. Re3 Qd1+ 27. Kh2
Qxd4 0-1

[Event "CCM5 - 12. ORDIX Open"]
[Site "Mainz"]
[Date "2005.??.??"]
[Round "7"]
[White "Glek, Igor"]
[Black "Grischuk, Alexander"]
[Result "0-1"]
[WhiteElo "2575"]
[BlackElo "2720"]
[PlyCount "126"]
[EventDate "2005.??.??"]
[EventType "rapid"]
[EventCountry "GER"]
[Source "Mike Rosa"]
[SourceDate "2009.01.01"]

1. e4 c6 2. c4 d5 3. cxd5 cxd5 4. exd5 Nf6 5. Nc3 Nxd5 6. Nf3 Nxc3 7. bxc3 g6
8. d4 Bg7 9. Bd3 O-O 10. O-O Nc6 11. Re1 Qa5 12. Bd2 Bg4 13. Be4 Rad8 14. Rb1
Rd7 15. h3 Bxf3 16. Bxf3 Rc8 17. a4 e6 18. h4 Qd8 19. h5 b6 20. hxg6 hxg6 21.
Be4 Ne7 22. Qb3 Nd5 23. Rbc1 Qc7 24. Bd3 Rdd8 25. g3 Bf6 26. Ba6 Ra8 27. Rcd1
Ne7 28. Bf4 Qc6 29. Rc1 Kg7 30. Qb5 Qxb5 31. axb5 Rd7 32. g4 Nd5 33. Bd2 g5 34.
Kg2 Rh8 35. Rh1 Rxh1 36. Rxh1 Rc7 37. Rc1 Rd7 38. Kf3 Kg6 39. Ke4 Bg7 40. f3
Nc7 41. Ra1 Ne8 42. Kd3 Nd6 43. Be3 e5 44. Ra4 f5 45. gxf5+ Kxf5 46. d5 Rc7 47.
Rg4 e4+ 48. Ke2 Bf6 49. Bd2 Rc4 50. Rg1 Rc5 51. Rf1 Kg6 52. f4 Rxd5 53. fxg5
Bxg5 54. Bxg5 Kxg5 55. Rf8 Rf5 56. Ra8 Rf7 57. Ke3 Rf3+ 58. Ke2 Rxc3 59. Rxa7
Kf4 60. Rd7 Ke5 61. Bb7 Rc5 62. Bc6 Nxb5 63. Re7+ Kd6 0-1

[Event "CCM5 - 12. ORDIX Open"]
[Site "Mainz"]
[Date "2005.??.??"]
[Round "7"]
[White "Hickl, Joerg"]
[Black "Sokolov, Ivan"]
[Result "1-0"]
[WhiteElo "2537"]
[BlackElo "2717"]
[PlyCount "115"]
[EventDate "2005.??.??"]
[EventType "rapid"]
[EventCountry "GER"]
[Source "Mike Rosa"]
[SourceDate "2009.01.01"]

1. g3 d5 2. Nf3 c6 3. Bg2 Bg4 4. b3 Nd7 5. Bb2 Bxf3 6. Bxf3 e5 7. d3 Ngf6 8.
O-O h5 9. c4 d4 10. Re1 Bc5 11. Na3 Bb4 12. Rf1 Nf8 13. Nc2 Be7 14. e3 Ne6 15.
exd4 exd4 16. Re1 Qd7 17. Qd2 h4 18. Rad1 Rd8 19. b4 Kf8 20. Re2 c5 21. bxc5
Bxc5 22. Nb4 hxg3 23. hxg3 Nc7 24. Rde1 a5 25. Nc2 b6 26. Ba3 Ne6 27. Re5 g6
28. Rxe6 fxe6 29. Bxc5+ bxc5 30. Qxa5 Rc8 31. Na3 Kg7 32. Re5 Qe7 33. Nb5 Nd7
34. Re2 Qg5 35. Qe1 e5 36. Nd6 Rb8 37. Bg2 Rb6 38. Nb5 Ra6 39. Rb2 Rb8 40. Bh3
Nf6 41. Re2 e4 42. dxe4 Nh5 43. Bg2 Rab6 44. e5 d3 45. Rd2 Rxb5 46. cxb5 c4 47.
e6 Rd8 48. Rd1 d2 49. Qe4 c3 50. b6 Qf5 51. e7 c2 52. Rf1 d1=Q 53. exd8=Q Qxd8
54. Qb4 Qd1 55. b7 c1=Q 56. b8=Q Qxf1+ 57. Bxf1 Nf6 58. Q4f8+ 1-0

[Event "CCM5 - 12. ORDIX Open"]
[Site "Mainz"]
[Date "2005.??.??"]
[Round "7"]
[White "Lanka, Zigurds"]
[Black "Radjabov, Teimour"]
[Result "0-1"]
[WhiteElo "2531"]
[BlackElo "2682"]
[PlyCount "104"]
[EventDate "2005.??.??"]
[EventType "rapid"]
[EventCountry "GER"]
[Source "Mike Rosa"]
[SourceDate "2009.01.01"]

1. e4 c5 2. Nf3 Nc6 3. d4 cxd4 4. Nxd4 Nf6 5. Nc3 e5 6. Ndb5 d6 7. Bg5 a6 8.
Na3 b5 9. Nd5 Be7 10. Bxf6 Bxf6 11. c3 Bg5 12. Nc2 O-O 13. a4 bxa4 14. Rxa4 a5
15. Bc4 Rb8 16. Ra2 Kh8 17. O-O f5 18. exf5 Bxf5 19. Nce3 Bg6 20. Qa4 Qc8 21.
Qa3 Qd7 22. Qa4 Qb7 23. Rfa1 e4 24. Bf1 Bf7 25. Qd1 Bxe3 26. fxe3 Ne7 27. c4
Bxd5 28. cxd5 Nxd5 29. Qd2 Qb3 30. Rxa5 Nxe3 31. Be2 Nc2 32. Rc1 Qb6+ 33. Kh1
e3 34. Qd5 Qxb2 35. Rg1 Qf6 36. Qh5 Nd4 37. Bd3 g6 38. Qg4 Rbe8 39. Ra7 Nc6 40.
Rc7 Ne5 41. Qh3 Rf7 42. Rxf7 Nxf7 43. Bb5 Re7 44. Re1 Ng5 45. Qc8+ Kg7 46. Bc4
Ne4 47. Qg8+ Kh6 48. Be2 Nf2+ 49. Kg1 Nh3+ 50. Kh1 Qf2 51. Rf1 Qg1+ 52. Rxg1
Nf2# 0-1

[Event "CCM5 - 12. ORDIX Open"]
[Site "Mainz"]
[Date "2005.??.??"]
[Round "7"]
[White "Zvjaginsev, Vadim"]
[Black "Morozevich, Alexander"]
[Result "0-1"]
[WhiteElo "2659"]
[BlackElo "2728"]
[PlyCount "51"]
[EventDate "2005.??.??"]
[EventType "rapid"]
[EventCountry "GER"]
[Source "Mike Rosa"]
[SourceDate "2009.01.01"]

1. e4 e6 2. Qe2 e5 3. g3 Nc6 4. c3 Bc5 5. Bg2 Nf6 6. b4 Bb6 7. Na3 O-O 8. d3 d5
9. Nf3 d4 10. b5 Ba5 11. O-O Bxc3 12. Rb1 Nb4 13. Nxe5 a6 14. f4 axb5 15. Nxb5
Rxa2 16. Qd1 c5 17. Ba3 Rd2 18. Qa4 Ng4 19. Nc4 Rxd3 20. Bxb4 cxb4 21. Qc2 Re3
22. Bf3 Be6 23. Ncd6 d3 24. Qg2 d2 25. h3 Nh6 26. Rbd1 0-1

[Event "CCM5 - 12. ORDIX Open"]
[Site "Mainz"]
[Date "2005.??.??"]
[Round "8"]
[White "Grischuk, Alexander"]
[Black "Dreev, Alexey"]
[Result "0-1"]
[WhiteElo "2720"]
[BlackElo "2698"]
[PlyCount "84"]
[EventDate "2005.??.??"]
[EventType "rapid"]
[EventCountry "GER"]
[Source "Mike Rosa"]
[SourceDate "2009.01.01"]

1. c4 c6 2. Nc3 d5 3. d4 Nf6 4. Nf3 e6 5. Bg5 h6 6. Bh4 dxc4 7. e4 g5 8. Bg3 b5
9. Be2 Bb7 10. h4 g4 11. Ne5 Nbd7 12. Nxd7 Qxd7 13. Be5 Qe7 14. O-O h5 15. Qc2
Bh6 16. b3 cxb3 17. axb3 O-O 18. Bxf6 Qxf6 19. e5 Qxh4 20. Ne4 Bg7 21. g3 Qd8
22. Nd6 Qb6 23. b4 Rfd8 24. Rad1 a5 25. bxa5 Rxa5 26. Qe4 Ra4 27. Qf4 Qc7 28.
Qg5 Rxd6 29. exd6 Qxd6 30. Qxh5 Qd5 31. Bxg4 c5 32. Qh3 Rxd4 33. Rfe1 Rxd1 34.
Rxd1 Bd4 35. Be2 b4 36. Bd3 Qf3 37. Rd2 Kf8 38. Bf1 b3 39. Qh4 Qe4 40. Qd8+ Kg7
41. Qg5+ Qg6 42. Qe7 Qxg3+ 0-1

[Event "CCM5 - 12. ORDIX Open"]
[Site "Mainz"]
[Date "2005.??.??"]
[Round "8"]
[White "Harikrishna, Pentala"]
[Black "Siebrecht, Sebastian"]
[Result "1-0"]
[WhiteElo "2645"]
[BlackElo "2487"]
[PlyCount "77"]
[EventDate "2005.??.??"]
[EventType "rapid"]
[EventCountry "GER"]
[Source "Mike Rosa"]
[SourceDate "2009.01.01"]

1. d4 d5 2. c4 c6 3. Nc3 Nf6 4. Nf3 e6 5. e3 Nbd7 6. Qc2 Bd6 7. b3 O-O 8. Be2
dxc4 9. bxc4 e5 10. O-O Qe7 11. Rb1 Re8 12. Bb2 a6 13. c5 Bc7 14. Rfe1 e4 15.
Nd2 Nf8 16. f3 exf3 17. Bxf3 Ng4 18. Nf1 Qh4 19. g3 Qh6 20. e4 Qg6 21. Ne3 Nxe3
22. Rxe3 Ne6 23. Rd1 Ng5 24. Bg2 Bg4 25. Rf1 Rad8 26. Ne2 Nh3+ 27. Kh1 Qh6 28.
Qb3 Be6 29. Qc3 Bg4 30. Bc1 Qh5 31. Nf4 Nxf4 32. gxf4 f5 33. d5 fxe4 34. d6 Bb8
35. Bb2 Rd7 36. Rg3 Re6 37. f5 Rh6 38. h3 Ba7 39. Rf4 1-0

[Event "CCM5 - 12. ORDIX Open"]
[Site "Mainz"]
[Date "2005.??.??"]
[Round "8"]
[White "Krasenkow, Michal"]
[Black "Hickl, Joerg"]
[Result "1-0"]
[WhiteElo "2663"]
[BlackElo "2537"]
[PlyCount "85"]
[EventDate "2005.??.??"]
[EventType "rapid"]
[EventCountry "GER"]
[Source "Mike Rosa"]
[SourceDate "2009.01.01"]

1. Nf3 d6 2. d4 Nf6 3. c4 c6 4. Nc3 Bf5 5. Qb3 Qc7 6. h3 g6 7. g4 Bc8 8. e4
Nbd7 9. Be3 Bg7 10. Be2 e5 11. d5 O-O 12. Nd2 a6 13. g5 Ne8 14. h4 f5 15. c5
Kh8 16. h5 gxh5 17. exf5 Rxf5 18. Bxh5 Qd8 19. Bg6 Nf8 20. Bxf5 Bxf5 21. Qxb7
cxd5 22. Nxd5 dxc5 23. Bxc5 Rb8 24. Be7 Rxb7 25. Bxd8 Rxb2 26. Nf6 Nd6 27. Nh5
Nf7 28. Nxg7 Kxg7 29. Bf6+ Kg8 30. Nc4 Rb5 31. Ne3 Bd3 32. Rc1 e4 33. a4 Rxg5
34. Bxg5 Nxg5 35. Rc7 Nfe6 36. Ra7 Nd4 37. Nd5 Kf8 38. Nf6 e3 39. fxe3 Nc6 40.
Rc7 Ne5 41. Nd7+ Nxd7 42. Rxd7 Ke8 43. a5 1-0

[Event "CCM5 - 12. ORDIX Open"]
[Site "Mainz"]
[Date "2005.??.??"]
[Round "8"]
[White "Morozevich, Alexander"]
[Black "Aronian, Levon"]
[Result "1-0"]
[WhiteElo "2728"]
[BlackElo "2724"]
[PlyCount "95"]
[EventDate "2005.??.??"]
[EventType "rapid"]
[EventCountry "GER"]
[Source "Mike Rosa"]
[SourceDate "2009.01.01"]

1. e4 e5 2. Nf3 Nc6 3. Bb5 Nf6 4. d3 Bc5 5. c3 O-O 6. O-O d6 7. Bg5 Bb6 8. Nbd2
Nb8 9. d4 c6 10. Bd3 Nbd7 11. a4 Bc7 12. Re1 Re8 13. h3 h6 14. Be3 Nf8 15. Qc2
Ng6 16. b4 Nh5 17. dxe5 Nxe5 18. Bf1 Bb6 19. Nd4 a6 20. Rad1 Qf6 21. g3 Qg6 22.
Bg2 a5 23. b5 cxb5 24. Nxb5 Bxe3 25. Rxe3 Rd8 26. Nc7 Rb8 27. Nd5 Re8 28. f4
Nc6 29. Kh2 Ne7 30. Nc4 Nxd5 31. Rxd5 Nf6 32. Rxd6 b5 33. axb5 Rxb5 34. Qa4 Qh5
35. Rxf6 Bxh3 36. Bxh3 gxf6 37. e5 Rbb8 38. Qc2 Rbd8 39. g4 Qh4 40. Rg3 fxe5
41. Nxe5 Rd6 42. Qf5 Qf6 43. Qe4 Rd2+ 44. Bg2 Rf2 45. g5 Qe6 46. gxh6+ Kf8 47.
h7 Ke7 48. Qb7+ 1-0

[Event "CCM5 - 12. ORDIX Open"]
[Site "Mainz"]
[Date "2005.??.??"]
[Round "8"]
[White "Naiditsch, Arkadij"]
[Black "Vogt, Lothar"]
[Result "1/2-1/2"]
[WhiteElo "2644"]
[BlackElo "2484"]
[PlyCount "94"]
[EventDate "2005.??.??"]
[EventType "rapid"]
[EventCountry "GER"]
[Source "Mike Rosa"]
[SourceDate "2009.01.01"]

1. e4 c5 2. Nf3 g6 3. d4 cxd4 4. Nxd4 Nc6 5. c4 Nf6 6. Nc3 d6 7. Be2 Nxd4 8.
Qxd4 Bg7 9. Bg5 O-O 10. Qd2 a5 11. O-O a4 12. Rad1 Be6 13. Rfe1 Qa5 14. Bf1
Rfc8 15. Nd5 Qxd2 16. Rxd2 Bxd5 17. exd5 Kf8 18. f4 Rc7 19. Kf2 h6 20. Bh4 Nh5
21. Rde2 Bf6 22. Bxf6 exf6 23. Re4 f5 24. Rd4 Nf6 25. Kf3 Ne4 26. h3 h5 27. g3
Ra6 28. Re2 Rb6 29. g4 hxg4+ 30. hxg4 Rb4 31. gxf5 gxf5 32. Rc2 b5 33. Bd3 Nf6
34. a3 Rb3 35. Ke2 bxc4 36. Rdxc4 Rxc4 37. Bxc4 Rh3 38. Ke1 Ne4 39. Bb5 Nc5 40.
Re2 Kg7 41. Rf2 Kf6 42. Kd1 Rb3 43. Bc4 Rg3 44. Kc2 Ne4 45. Rh2 Rf3 46. Bb5 Nc5
47. Rh4 Ke7 1/2-1/2

[Event "CCM5 - 12. ORDIX Open"]
[Site "Mainz"]
[Date "2005.??.??"]
[Round "8"]
[White "Sargissian, Gabriel"]
[Black "Nisipeanu, Liviu Dieter"]
[Result "1/2-1/2"]
[WhiteElo "2620"]
[BlackElo "2681"]
[PlyCount "107"]
[EventDate "2005.??.??"]
[EventType "rapid"]
[EventCountry "GER"]
[Source "Mike Rosa"]
[SourceDate "2009.01.01"]

1. d4 c5 2. d5 Nf6 3. Nc3 g6 4. e4 d6 5. Nf3 Bg7 6. Bb5+ Bd7 7. a4 O-O 8. O-O
Bg4 9. h3 Bxf3 10. Qxf3 Nbd7 11. Qd1 a6 12. Be2 Ne8 13. Bg5 Nc7 14. Qd2 Rb8 15.
a5 b5 16. axb6 Rxb6 17. Ra2 Nf6 18. Bf3 Rb4 19. Re1 e6 20. dxe6 Nxe6 21. Bxf6
Bxf6 22. Nd5 Bg5 23. Qe2 Nf4 24. Nxf4 Bxf4 25. c3 Rb6 26. Rxa6 Rxa6 27. Qxa6
Qf6 28. Qe2 Rb8 29. g3 Be5 30. Kg2 Qe6 31. Qc2 h5 32. h4 Qa2 33. Re2 Qa1 34.
Rd2 Rb6 35. Be2 Qa2 36. Bf1 Bf6 37. f4 Kg7 38. Be2 Qe6 39. Qd3 Qe8 40. Qd5 Qb8
41. Qa2 Qb7 42. Kf3 Qc8 43. Qd5 Qh3 44. Bc4 Qh1+ 45. Kf2 Qh2+ 46. Kf3 Qh1+ 47.
Ke2 Kh6 48. Qxf7 Bxc3 49. bxc3 Qg2+ 50. Ke3 Qxg3+ 51. Ke2 Qg2+ 52. Ke3 Qg3+ 53.
Ke2 Qg2+ 54. Kd3 1/2-1/2

[Event "CCM5 - 12. ORDIX Open"]
[Site "Mainz"]
[Date "2005.??.??"]
[Round "8"]
[White "Shirov, Alexei"]
[Black "Kritz, Leonid"]
[Result "1/2-1/2"]
[WhiteElo "2705"]
[BlackElo "2544"]
[PlyCount "85"]
[EventDate "2005.??.??"]
[EventType "rapid"]
[EventCountry "GER"]
[Source "Mike Rosa"]
[SourceDate "2009.01.01"]

1. e4 e5 2. Nf3 Nf6 3. Nxe5 d6 4. Nf3 Nxe4 5. d4 d5 6. Bd3 Nc6 7. O-O Be7 8. c4
Nb4 9. Be2 O-O 10. Nc3 Bf5 11. a3 Nxc3 12. bxc3 Nc6 13. Re1 Re8 14. Bf4 dxc4
15. Bxc4 Bd6 16. Be3 Bg6 17. Bd3 Ne7 18. c4 b6 19. a4 Nf5 20. Qc2 Nh4 21. Nxh4
Qxh4 22. g3 Qh3 23. c5 Bf8 24. Bxg6 hxg6 25. Bf4 bxc5 26. dxc5 c6 27. Bd6 Rxe1+
28. Rxe1 Rd8 29. Qb3 Qc8 30. Rd1 Qg4 31. a5 Qe2 32. Kg2 Qe4+ 33. Qf3 Qxf3+ 34.
Kxf3 f6 35. Rb1 Bxd6 36. cxd6 Rd7 37. Rb8+ Kf7 38. Rc8 Ke6 39. Rxc6 Rxd6 40.
Rc8 Rd5 41. Rc7 Rd7 42. Rc8 Rd5 43. Rc7 1/2-1/2

[Event "CCM5 - 12. ORDIX Open"]
[Site "Mainz"]
[Date "2005.??.??"]
[Round "9"]
[White "Buhmann, Rainer"]
[Black "Naiditsch, Arkadij"]
[Result "0-1"]
[WhiteElo "2549"]
[BlackElo "2644"]
[PlyCount "56"]
[EventDate "2005.??.??"]
[EventType "rapid"]
[EventCountry "GER"]
[Source "Mike Rosa"]
[SourceDate "2009.01.01"]

1. Nf3 Nf6 2. c4 e6 3. Nc3 Bb4 4. Qc2 c5 5. a3 Ba5 6. g3 O-O 7. Bg2 Nc6 8. O-O
d6 9. Rb1 e5 10. d3 h6 11. e3 Be6 12. Nd2 Bxc3 13. Qxc3 a5 14. f4 Qd7 15. b3
Bh3 16. Bb2 Bxg2 17. Kxg2 Rfe8 18. Rbe1 d5 19. fxe5 d4 20. exd4 cxd4 21. Qc2
Ng4 22. Nf3 Ngxe5 23. h3 Nxf3 24. Rxe8+ Rxe8 25. Rxf3 Ne5 26. Rf4 Qc6+ 27. Kg1
Nf3+ 28. Kf1 Ne1 0-1

[Event "CCM5 - 12. ORDIX Open"]
[Site "Mainz"]
[Date "2005.??.??"]
[Round "9"]
[White "Dreev, Alexey"]
[Black "Harikrishna, Pentala"]
[Result "1-0"]
[WhiteElo "2698"]
[BlackElo "2645"]
[PlyCount "83"]
[EventDate "2005.??.??"]
[EventType "rapid"]
[EventCountry "GER"]
[Source "Mike Rosa"]
[SourceDate "2009.01.01"]

1. d4 Nf6 2. c4 g6 3. Nc3 d5 4. cxd5 Nxd5 5. Bd2 Bg7 6. e4 Nb6 7. Be3 e5 8.
dxe5 Qxd1+ 9. Rxd1 Bxe5 10. Nf3 Bg7 11. Bc5 Bg4 12. Be2 N8d7 13. Bd4 Bxd4 14.
Nxd4 Bxe2 15. Kxe2 O-O-O 16. f4 Nc5 17. b3 Rhe8 18. Kf3 a6 19. Rd2 f5 20. exf5
gxf5 21. Re2 Rf8 22. Rd1 Nd5 23. Nxd5 Rxd5 24. Ne6 Rxd1 25. Nxf8 Ne4 26. g3 h5
27. Ne6 Rd3+ 28. Kg2 Rd7 29. Kh3 c5 30. Kh4 Re7 31. Nxc5 Kc7 32. Nxe4 fxe4 33.
Kxh5 Kd6 34. g4 Kd5 35. g5 e3 36. f5 Ke4 37. f6 Rd7 38. Kg6 Kf3 39. Rxe3+ Kxe3
40. f7 Rd8 41. Kg7 Kf4 42. f8=Q+ 1-0

[Event "CCM5 - 12. ORDIX Open"]
[Site "Mainz"]
[Date "2005.??.??"]
[Round "9"]
[White "Vogt, Lothar"]
[Black "Shirov, Alexei"]
[Result "1/2-1/2"]
[WhiteElo "2484"]
[BlackElo "2705"]
[PlyCount "114"]
[EventDate "2005.??.??"]
[EventType "rapid"]
[EventCountry "GER"]
[Source "Mike Rosa"]
[SourceDate "2009.01.01"]

1. e4 c5 2. Nf3 Nc6 3. Bb5 g6 4. Bxc6 dxc6 5. h3 Bg7 6. Nc3 Nf6 7. d3 O-O 8.
Be3 b6 9. Qd2 e5 10. Bh6 Qd6 11. O-O Nh5 12. Ne2 f6 13. Bxg7 Nxg7 14. Rad1 a5
15. Nh2 g5 16. Ng4 Bxg4 17. hxg4 h5 18. gxh5 Nxh5 19. g3 Qe6 20. Kg2 Kf7 21.
Rh1 Rh8 22. b3 Rh7 23. Qe3 Rah8 24. Qf3 Ng7 25. Rxh7 Rxh7 26. Rh1 Rxh1 27. Kxh1
Qh3+ 28. Kg1 Ne6 29. Qh1 Qxh1+ 30. Kxh1 g4 31. Kg2 Kg6 32. c3 b5 33. f4 gxf3+
34. Kxf3 Kh5 35. Ng1 b4 36. Ne2 Kg5 37. c4 Kh5 38. Kf2 Kg4 39. Kg2 Nf8 40. Ng1
Nd7 41. Nh3 Nb6 42. Nf2+ Kg5 43. Kf3 a4 44. Nd1 a3 45. Ne3 Nd7 46. Nf5 Nb6 47.
Ne3 Kh5 48. Nc2 Nd7 49. Ne3 Nf8 50. Nf5 Ne6 51. Kf2 Kg4 52. Kg2 Kg5 53. Kf3
Nd4+ 54. Nxd4 cxd4 55. c5 Kh5 56. Kf2 Kg4 57. Kg2 Kg5 1/2-1/2

[Event "CCM5 - 12. ORDIX Open"]
[Site "Mainz"]
[Date "2005.??.??"]
[Round "9"]
[White "Zvjaginsev, Vadim"]
[Black "Chuchelov, Vladimir"]
[Result "1-0"]
[WhiteElo "2659"]
[BlackElo "2562"]
[PlyCount "99"]
[EventDate "2005.??.??"]
[EventType "rapid"]
[EventCountry "GER"]
[Source "Mike Rosa"]
[SourceDate "2009.01.01"]

1. e4 c5 2. Nf3 e6 3. c3 Nf6 4. d3 Nc6 5. g3 Be7 6. Bg2 d5 7. e5 Nd7 8. Qe2 b5
9. O-O O-O 10. h4 a5 11. Bf4 a4 12. Nbd2 Ba6 13. Rfe1 Qa5 14. Rac1 Rfc8 15. Bh3
Qd8 16. Ng5 Nf8 17. Qg4 c4 18. Bf1 a3 19. b4 cxb3 20. Nxb3 Qe8 21. Nf3 b4 22.
c4 dxc4 23. dxc4 Rd8 24. h5 Bb7 25. h6 g6 26. Bg5 Na5 27. Qh4 Rd7 28. Nfd2 Bxg5
29. Qxg5 Qd8 30. Qe3 Rc8 31. Rc2 Nxb3 32. Nxb3 Qe7 33. Bg2 Bxg2 34. Kxg2 Rdc7
35. c5 Nd7 36. Qe4 Nxc5 37. Qxb4 Qf8 38. Nxc5 Rxc5 39. Rxc5 Qxc5 40. Qxc5 Rxc5
41. Re3 Kf8 42. Rxa3 Rxe5 43. Ra8+ Ke7 44. Rh8 Ra5 45. Rxh7 Kf6 46. Rh8 Rh5 47.
a4 g5 48. a5 g4 49. a6 Ra5 50. Rg8 1-0

[Event "CCM5 - 12. ORDIX Open"]
[Site "Mainz"]
[Date "2005.??.??"]
[Round "10"]
[White "Grischuk, Alexander"]
[Black "Zvjaginsev, Vadim"]
[Result "1-0"]
[WhiteElo "2720"]
[BlackElo "2659"]
[PlyCount "63"]
[EventDate "2005.??.??"]
[EventType "rapid"]
[EventCountry "GER"]
[Source "Mike Rosa"]
[SourceDate "2009.01.01"]

1. e4 e6 2. d4 d5 3. Nc3 Nf6 4. e5 Nfd7 5. f4 c5 6. Nf3 Nc6 7. Be3 cxd4 8. Nxd4
Bc5 9. Qd2 Nxd4 10. Bxd4 Bxd4 11. Qxd4 Qb6 12. Qd2 Qxb2 13. Rb1 Qa3 14. Nb5
Qxa2 15. Nd6+ Ke7 16. Rc1 Qb2 17. Be2 Nc5 18. O-O Nb3 19. Nf5+ exf5 20. Qb4+
Kd8 21. cxb3 Qxe2 22. Rc7 Bd7 23. Qxb7 Qb5 24. Rxd7+ Qxd7 25. Qxa8+ Qc8 26.
Qxa7 Re8 27. Qxf7 Qd7 28. Qh5 Qa7+ 29. Kh1 g6 30. Qf3 Ke7 31. Qxd5 Rd8 32. Qc6
1-0

[Event "CCM5 - 12. ORDIX Open"]
[Site "Mainz"]
[Date "2005.??.??"]
[Round "10"]
[White "Krasenkow, Michal"]
[Black "Kritz, Leonid"]
[Result "0-1"]
[WhiteElo "2663"]
[BlackElo "2544"]
[PlyCount "130"]
[EventDate "2005.??.??"]
[EventType "rapid"]
[EventCountry "GER"]
[Source "Mike Rosa"]
[SourceDate "2009.01.01"]

1. Nf3 d5 2. d4 c6 3. c4 Nf6 4. Nc3 a6 5. e3 b5 6. c5 Nbd7 7. b4 a5 8. bxa5
Qxa5 9. Bd2 e5 10. Be2 Be7 11. O-O b4 12. Nb1 Ne4 13. Ne1 Nc3 14. Bxc3 bxc3 15.
a4 Nf6 16. f3 Bf5 17. Bd3 Be6 18. Ra3 Nd7 19. Kh1 Bf6 20. Nc2 O-O 21. f4 exf4
22. exf4 Nxc5 23. dxc5 Qxc5 24. Nxc3 Bxc3 25. Bxh7+ Kxh7 26. Qd3+ g6 27. Rxc3
Bf5 28. Qg3 Qd6 29. Nd4 Qf6 30. Nxf5 Qxf5 31. Qf2 Rxa4 32. Rxc6 Rfa8 33. h3 Ra1
34. Rxa1 Rxa1+ 35. Kh2 Ra4 36. Rd6 Rxf4 37. Qg3 d4 38. Rd8 Qf6 39. Rd7 Kg7 40.
Qe1 Rf1 41. Qe4 Qf4+ 42. Qxf4 Rxf4 43. g4 Kf6 44. Kg3 Re4 45. h4 Ke6 46. Rd8 f5
47. gxf5+ Kxf5 48. Rd6 Rg4+ 49. Kh3 Rf4 50. Kg3 Re4 51. Rd5+ Ke6 52. Rd8 Ke5
53. Rd7 Re3+ 54. Kf2 Rh3 55. Rh7 Ke4 56. Ke2 Rh2+ 57. Kd1 Kd3 58. Kc1 Rh1+ 59.
Kb2 g5 60. h5 Kd2 61. h6 d3 62. Rh8 Kd1 63. Rd8 Rxh6 64. Rxd3+ Ke2 65. Rg3 Rg6
0-1

[Event "CCM5 - 12. ORDIX Open"]
[Site "Mainz"]
[Date "2005.??.??"]
[Round "10"]
[White "Morozevich, Alexander"]
[Black "Korotkjevich, Stanislav"]
[Result "1-0"]
[WhiteElo "2728"]
[BlackElo "2355"]
[PlyCount "28"]
[EventDate "2005.??.??"]
[EventType "rapid"]
[EventCountry "GER"]
[Source "Mike Rosa"]
[SourceDate "2009.01.01"]

1. e4 c5 2. Nf3 Nc6 3. Bb5 g6 4. O-O Bg7 5. d3 Nf6 6. Nc3 O-O 7. h3 Qc7 $6 8.
Bg5 e6 9. Bxc6 Qxc6 10. e5 Nd5 11. Ne4 b6 12. c4 Nc7 13. Be7 Bb7 14. b4 cxb4
1-0